<?xml version="1.0" encoding="UTF-8"?>
<collection xmlns="http://www.loc.gov/MARC21/slim">
 <record>
  <leader>03445am  a2000505a 44500</leader>
  <controlfield tag="001">1/52336</controlfield>
  <controlfield tag="008"> 010226s2001    dcua     b    001 0 eng </controlfield>
  <datafield tag="010" ind1=" " ind2=" ">
   <subfield code="a"> 2001001252</subfield>
  </datafield>
  <datafield tag="020" ind1=" " ind2=" ">
   <subfield code="a">030906998X (pbk.)</subfield>
  </datafield>
  <datafield tag="040" ind1=" " ind2=" ">
   <subfield code="a">DLC</subfield>
   <subfield code="c">DLC</subfield>
   <subfield code="d">DLC</subfield>
  </datafield>
  <datafield tag="042" ind1=" " ind2=" ">
   <subfield code="a">pcc</subfield>
  </datafield>
  <datafield tag="043" ind1=" " ind2=" ">
   <subfield code="a">n-us---</subfield>
  </datafield>
  <datafield tag="050" ind1=" " ind2=" ">
   <subfield code="a">LB1585.3</subfield>
   <subfield code="b">.C54 2001</subfield>
  </datafield>
  <datafield tag="082" ind1=" " ind2=" ">
   <subfield code="a">371.27 NAT</subfield>
   <subfield code="2">21</subfield>
  </datafield>
  <datafield tag="110" ind1="1" ind2=" ">
   <subfield code="a">National Academy of Sciences - National Research Council, Washington, DC. Center for Education.</subfield>
  </datafield>
  <datafield tag="245" ind1="1" ind2="0">
   <subfield code="a">Classroom assessment and the National Science Education Standards /</subfield>
   <subfield code="c">Committee on Classroom Assessment and the National Science Education Standards ; J. Myron Atkin, Paul Black, Janet Coffey, editors.</subfield>
  </datafield>
  <datafield tag="260" ind1=" " ind2=" ">
   <subfield code="a">Washington, DC :</subfield>
   <subfield code="b">National Academy Press,</subfield>
   <subfield code="c">c2001.</subfield>
  </datafield>
  <datafield tag="300" ind1=" " ind2=" ">
   <subfield code="a">x, 115 σ. :</subfield>
   <subfield code="b">εικ. ;</subfield>
   <subfield code="c">29 εκ.</subfield>
  </datafield>
  <datafield tag="500" ind1=" " ind2=" ">
   <subfield code="a">Availability: National Academy Press, 2101 Constitution Avenue NW, Lockbox 285, Washington, DC 20418 (</subfield>
   <subfield code="5">ericd</subfield>
  </datafield>
  <datafield tag="500" ind1=" " ind2=" ">
   <subfield code="a">Contract Number: ESI-9618770.</subfield>
   <subfield code="5">ericd</subfield>
  </datafield>
  <datafield tag="500" ind1=" " ind2=" ">
   <subfield code="a">Contract Number: NCC5-247.</subfield>
   <subfield code="5">ericd</subfield>
  </datafield>
  <datafield tag="500" ind1=" " ind2=" ">
   <subfield code="a">ERIC Note: Produced by the Committee on Classroom Assessment and the National Science Education Standards.</subfield>
   <subfield code="5">ericd</subfield>
  </datafield>
  <datafield tag="500" ind1=" " ind2=" ">
   <subfield code="a">Sponsoring Agency: National Aeronautics and Space Administration, Washington, DC.</subfield>
   <subfield code="5">ericd</subfield>
  </datafield>
  <datafield tag="500" ind1=" " ind2=" ">
   <subfield code="a">Sponsoring Agency: National Science Foundation, Arlington, VA.</subfield>
   <subfield code="5">ericd</subfield>
  </datafield>
  <datafield tag="520" ind1=" " ind2=" ">
   <subfield code="a">Since the &quot;National Science Education Standards&quot; were published in 1996, it has become apparent that the standards did not provide sufficient guidance on the key topics needed for implementation. Assessment was identified as a topic requiring more detail and guidance, as well as scientific inquiry, technology in the science curriculum, selection of instructional materials, and development of science programs. This book examines the ongoing assessment that occurs each day in classrooms. Chapters include: (1) &quot;An Introduction to Assessment in the Science Classroom&quot;; (2) &quot;The Case for Strengthening Assessment in the Science Classroom&quot;; (3) &quot;Assessment in the Classroom&quot;; (4) &quot;The Relationship between Formative and Summative Assessment in the Classroom and Beyond&quot;; (5) &quot;Professional Development&quot;; and (6) &quot;Beyond the Classroom--System-Level Supports.&quot; (Contains 122 references.) (Author/YDS)</subfield>
  </datafield>
  <datafield tag="521" ind1=" " ind2=" ">
   <subfield code="a">Administrators.</subfield>
   <subfield code="b">ericd</subfield>
  </datafield>
  <datafield tag="521" ind1=" " ind2=" ">
   <subfield code="a">Policymakers.</subfield>
   <subfield code="b">ericd</subfield>
  </datafield>
  <datafield tag="521" ind1=" " ind2=" ">
   <subfield code="a">Practitioners.</subfield>
   <subfield code="b">ericd</subfield>
  </datafield>
  <datafield tag="521" ind1=" " ind2=" ">
   <subfield code="a">Teachers.</subfield>
   <subfield code="b">ericd</subfield>
  </datafield>
  <datafield tag="530" ind1=" " ind2=" ">
   <subfield code="a">May also be available online. Address as at 14/8/18:</subfield>
   <subfield code="u">https://eric.ed.gov/</subfield>
  </datafield>
  <datafield tag="533" ind1=" " ind2=" ">
   <subfield code="a">Microfiche.</subfield>
   <subfield code="b">[Washington D.C.]:</subfield>
   <subfield code="c">ERIC Clearinghouse</subfield>
   <subfield code="e">microfiches : positive.</subfield>
  </datafield>
  <datafield tag="504" ind1=" " ind2=" ">
   <subfield code="a">Includes bibliographical references (p. 105-110) and index.</subfield>
  </datafield>
  <datafield tag="650" ind1=" " ind2="0">
   <subfield code="a">Elementary Secondary Education</subfield>
   <subfield code="2">ericd</subfield>
  </datafield>
  <datafield tag="650" ind1=" " ind2="0">
   <subfield code="a">Science</subfield>
   <subfield code="x">Ability testing</subfield>
   <subfield code="z">United States.</subfield>
  </datafield>
  <datafield tag="650" ind1=" " ind2="0">
   <subfield code="a">Science</subfield>
   <subfield code="x">Study and teaching</subfield>
   <subfield code="x">Standards</subfield>
   <subfield code="z">United States.</subfield>
  </datafield>
  <datafield tag="650" ind1=" " ind2="0">
   <subfield code="a">Science</subfield>
   <subfield code="x">Study and teaching</subfield>
   <subfield code="z">United States</subfield>
   <subfield code="x">Evaluation.</subfield>
  </datafield>
  <datafield tag="650" ind1=" " ind2="4">
   <subfield code="a">Επιστήμη</subfield>
   <subfield code="x">Σπουδή και διδασκαλία.</subfield>
  </datafield>
  <datafield tag="650" ind1=" " ind2="4">
   <subfield code="a">Εκπαίδευση, Δευτεροβάθμια.</subfield>
  </datafield>
  <datafield tag="700" ind1=" " ind2=" ">
   <subfield code="a">Atkin, J. Myron,</subfield>
   <subfield code="e">editor.</subfield>
  </datafield>
  <datafield tag="700" ind1=" " ind2=" ">
   <subfield code="a">Black, P. J.</subfield>
   <subfield code="q">(Paul Joseph),</subfield>
   <subfield code="d">1930,</subfield>
   <subfield code="e">editor.</subfield>
  </datafield>
  <datafield tag="700" ind1=" " ind2=" ">
   <subfield code="a">Coffey, Janet,</subfield>
   <subfield code="e">editor.</subfield>
  </datafield>
  <datafield tag="710" ind1="1" ind2=" ">
   <subfield code="a">National Research Council (U.S.).</subfield>
   <subfield code="b">Committee on Classroom Assessment and the National Science Education Standards.</subfield>
  </datafield>
  <datafield tag="852" ind1=" " ind2=" ">
   <subfield code="a">INST</subfield>
   <subfield code="b">UNIPILB</subfield>
   <subfield code="c">MAIN</subfield>
   <subfield code="e">20210718</subfield>
   <subfield code="h">371.27 NAT</subfield>
   <subfield code="p">00183017</subfield>
   <subfield code="q">00183017</subfield>
   <subfield code="t">LOAN</subfield>
   <subfield code="y">0</subfield>
   <subfield code="4">1</subfield>
  </datafield>
  <datafield tag="960" ind1=" " ind2=" ">
   <subfield code="a">GEORGE</subfield>
  </datafield>
  <datafield tag="960" ind1=" " ind2=" ">
   <subfield code="a">ΜΑΡΙΑ ΒΕΛ</subfield>
  </datafield>
 </record>
</collection>
